000 00346nam a2200145Ia 4500
008 210210b1986 xxu||||| |||| 00| 0 eng d
082 _a531.6 ALEE
100 _aALEKSEEV (G N).
245 _aEnergy & entropy.
260 _aMoscow
_bMir Publishers
_c1986
300 _a200
650 _aEnergy Entrophy
690 _aMechanics
906 _a042820
999 _c92693
_d92693